Arte moderno, vanguardia y utopía.

Shranjeno v:
Bibliografske podrobnosti
Glavni avtor: Morales Garrido, Enrique (autor)
Format: Knjiga
Izdano: Valparaíso, Chile: Ediciones Universitarias de Valparaíso, 2020.
Serija:Colección Cuadrado Negro
Teme:
Oznake: Označite
Brez oznak, prvi označite!

MARC

LEADER 00000nam a22000007a 4500
003 CL-VaPUC
005 20250224111159.0
008 201221t2020 ||||| |||| 00| 0 eng d
999 |c 432379  |d 432377 
020 |a 978-956-17-0871-6 
040 |c Pontificia Universidad Católica de Valparaíso 
082 0 4 |a 709.04 MOR 2020 
100 |a Morales Garrido, Enrique  |e autor  |9 563786 
245 1 0 |a Arte moderno, vanguardia y utopía. 
260 |a Valparaíso, Chile:  |b Ediciones Universitarias de Valparaíso,  |c 2020. 
300 |a 316 páginas 
490 0 |a Colección Cuadrado Negro 
500 |a c.FHP. Donación Fernando Vergara Biblioteca Budge. 
583 |c 20201221  |k Valeria Valenzuela 
650 1 0 |a Arte moderno  |9 265333 
650 1 0 |a Vanguardias  |9 378346 
650 1 |a Utopía  |9 267298 
852 |a BIBCUR 
942 |2 ddc  |c BK 
952 |0 0  |1 0  |2 ddc  |4 0  |6 709_040000000000000_MOR_2020  |7 0  |8 A  |9 577271  |a BIBART  |b BIBART  |d 2020-12-28  |i 5620023  |o 709.04 MOR 2020  |p 5620023  |r 2025-03-13  |t 1  |w 2020-12-28  |y BK  |k ART 
952 |0 0  |1 0  |2 ddc  |4 0  |6 709_040000000000000_MOR_2020  |7 0  |8 A  |9 577272  |a BIBART  |b BIBART  |d 2020-12-28  |i 5620031  |l 1  |o 709.04 MOR 2020  |p 5620031  |r 2025-03-13  |s 2022-06-23  |t 2  |w 2020-12-28  |y BK  |k ART 
952 |0 0  |1 0  |2 ddc  |4 0  |6 709_040000000000000_MOR_2020  |7 0  |8 X  |9 587507  |a FDOBUD  |b FDOBUD  |d 2022-11-02  |e Donación  |i 5655412  |o 709.04 MOR 2020  |p 5655412  |r 2022-11-02  |w 2022-11-02  |y BK_X  |k FHP